Piłkarska kariera Cristiano Ronaldo. - Statystyki

Ogólne statystyki
  • Ten quiz został rozwiązany 2 092 razy
    1 831 od ostatniego zresetowania
  • Średni wynik to 5 z 5
Statystyki odpowiedzi
Lata Drużyna % Poprawnych
2018-2021 Juventus
98%
2009-2018 Real Madryt
98%
2003-2009 Manchester United
96%
2021-teraz Manchester United
96%
2002-2003 Sporting
92%
Nie znaleziono quizów pasujących do podanych kryteriów
Rozkład punktacji
Procent ludzi z każdym wynikiem
Percentyl według liczby udzielonych odpowiedzi
Twoja historia wyników
Nie rozwiązałeś tego quizu od ostatniego zresetowania